<?xml version="1.0" encoding="UTF-8"?>
<collection xmlns="http://www.loc.gov/MARC21/slim">
  <record>
    <leader>00000nam  2200000   4500</leader>
    <controlfield tag="001">INLIS000000000018471</controlfield>
    <controlfield tag="005">20241118024051</controlfield>
    <datafield tag="035" ind1="#" ind2="#">
      <subfield code="a">0010-1124000137</subfield>
    </datafield>
    <controlfield tag="007">ta</controlfield>
    <controlfield tag="008">241118################g##########0#ind##</controlfield>
    <datafield tag="020" ind1="#" ind2="#">
      <subfield code="a">979-9341-95-7</subfield>
    </datafield>
    <datafield tag="082" ind1="#" ind2="#">
      <subfield code="a">614.598.55</subfield>
    </datafield>
    <datafield tag="084" ind1="#" ind2="#">
      <subfield code="a">614.598.55 IST t</subfield>
    </datafield>
    <datafield tag="100" ind1=" " ind2="#">
      <subfield code="a">Istiyani, Chatarina Pancer</subfield>
    </datafield>
    <datafield tag="245" ind1="1" ind2="#">
      <subfield code="a">Tubuh dan Bahasa :</subfield>
      <subfield code="b">aspek-aspek linguistik pengungkapan pandangan masyarakat Lewolema terhadap kesehatan /</subfield>
      <subfield code="c">Chatarina Pancer Istiyani</subfield>
    </datafield>
    <datafield tag="260" ind1="#" ind2="#">
      <subfield code="a">Yogyakarta :</subfield>
      <subfield code="b">Galang Press,</subfield>
      <subfield code="c">2004</subfield>
    </datafield>
    <datafield tag="300" ind1="#" ind2="#">
      <subfield code="a">xxiii, 310 hlm. :</subfield>
      <subfield code="b">ill. ;</subfield>
      <subfield code="c">21 cm</subfield>
    </datafield>
    <datafield tag="650" ind1="#" ind2="4">
      <subfield code="a">Kesehatan Masyarakat</subfield>
    </datafield>
    <datafield tag="520" ind1="#" ind2="#">
      <subfield code="a">Sistem kognitif terdiri dari pengetahuan, kepercayaan, dan nilai yang ebrada dalam pikiran setiap individu masyarakat. Sedang, bahasa sebagai salah satu unsur pokok kebudayaan itu merupakan sistem simbol. Maka, dalam bahasalah tersimpan khasanahg kebudayaan suatu masyarakat. Analisis buku ini menunjukkan keterkaitan erat antara bahasa, kesehatan dan pandangan hidup masyarakat Lowelema. Konsepsi masyarakat Lewolema terhadap kesehatan, seperti terekspresikan dalam bahasa mereka, ternyata tidak hanya meliputi kesehatan fisik tetapi juga kesehatan mental yang tercermin pada individu, masyarakat maupun interrelasi sosial mereka.</subfield>
    </datafield>
    <datafield tag="990" ind1="#" ind2="#">
      <subfield code="a">04088251</subfield>
    </datafield>
  </record>
</collection>
